000 00743naa a2200205 4500
001 216219759
003 UA-OsUOA
005 20201130150337.0
008 201130b un ||||| |||| 00| 0 ukr d
040 _aUA-OsUOA
_bukr
_cUA-OsUOA
_dUA-OsUOA
041 _aukr
080 _a908
090 _a908
100 _aГаняк В.
245 _aДо питання реконструкції життєпису автора "Антапології" (1631/1632)
_cВ. Ганяк
300 _aС. 39–48
650 _2UDC
773 0 _0388699
_9411903
_dОстрог НаУОА 2013
_o143444
_tНаукові записки. Серія "Історичне релігієзнавство"
_w(UA-OsUOA) 102530
_z966-7631-79-6
942 _2udc
_cBKA
999 _c463937
_d463937